000 00779nam 22002293 4500
001 198280
010 _a978-972-38-2770-5
021 _aPT
_b319 166/10
090 _a198280
100 _a20251007d u||y0pory50 ba
101 _apor
200 _aAs Neves do Kilimanjaro
_eE Outras Histórias
_fErnest Hemingway
_gTradução de José Correia Ribeiro ; Revisão de Ana Correia
210 _aCarnaxide
_cLivros do Brasil
_d2010
215 _a220, [4] p.
_cBrochado
_d21 cm
300 _aContos
304 _aTít. orig.: The snows of Kilimanjaro
606 _98642
_aLiteratura Americana
_xContos
675 _a821.111(73)-34/HEM/NEV
_vPT
_zpor
700 _9562
_aHemingway
_bErnest
_f1899-1961
801 _aPT
_bBMMN
_gRPC
830 _cCarlos Pinto
_d07-10-2025
_fCarlos Pinto
990 _cLIVROS